Global journal of commerce and management perspective (Record no. 38213)

MARC details
000 -LEADER
fixed length control field 00499nam a2200157Ia 4500
022 ## - INTERNATIONAL STANDARD SERIAL NUMBER
ISSN 23197285
050 ## - CALL MARK
Classification number HF 1371 .G56/
245 #0 - TITLE STATEMENT
Title Global journal of commerce and management perspective
260 ## - PUBLICATION, DISTRIBUTION, ETC. (IMPRINT)
Name of publisher Department of Microbiology, LAUTECH Teaching Hospital.
260 ## - PUBLICATION, DISTRIBUTION, ETC. (IMPRINT)
Year of publication 2022
300 ## - PHYSICAL DESCRIPTION
Number of Pages 14 p. :ill. ; 29 cm.
650 ## - SUBJECT ADDED ENTRY--TOPICAL TERM
Topical Term Management--Periodicals. Commerce--Periodicals. Business--Periodicals.
942 ## - ADDED ENTRY ELEMENTS (KOHA)
Koha item type Serials

No items available.